<?xml version="1.0" encoding="UTF-8"?>
<record
    xmlns:xsi="http://www.w3.org/2001/XMLSchema-instance"
    xsi:schemaLocation="http://www.loc.gov/MARC21/slim http://www.loc.gov/standards/marcxml/schema/MARC21slim.xsd"
    xmlns="http://www.loc.gov/MARC21/slim">

  <leader>02926cam a22003854a 4500</leader>
  <controlfield tag="001">13778288</controlfield>
  <controlfield tag="005">20070613145318.0</controlfield>
  <controlfield tag="008">041110s2004    nyua     b    001 0 eng  </controlfield>
  <datafield tag="010" ind1=" " ind2=" ">
    <subfield code="a">  2004026733</subfield>
  </datafield>
  <datafield tag="020" ind1=" " ind2=" ">
    <subfield code="a">0789028883 (hard cover : alk. paper)</subfield>
  </datafield>
  <datafield tag="020" ind1=" " ind2=" ">
    <subfield code="a">9780789028884(soft cover : alk. paper)</subfield>
  </datafield>
  <datafield tag="040" ind1=" " ind2=" ">
    <subfield code="a">DLC</subfield>
    <subfield code="c">DLC</subfield>
    <subfield code="d">DLC</subfield>
  </datafield>
  <datafield tag="042" ind1=" " ind2=" ">
    <subfield code="a">pcc</subfield>
  </datafield>
  <datafield tag="043" ind1=" " ind2=" ">
    <subfield code="a">a------</subfield>
  </datafield>
  <datafield tag="050" ind1="0" ind2="0">
    <subfield code="a">HF5429.6.A75</subfield>
    <subfield code="b">I577 2004</subfield>
  </datafield>
  <datafield tag="082" ind1="0" ind2="0">
    <subfield code="a">658.870095</subfield>
    <subfield code="2">22</subfield>
    <subfield code="b">INT</subfield>
  </datafield>
  <datafield tag="245" ind1="0" ind2="0">
    <subfield code="a">International Retailing Plans and Strategies in Asia /</subfield>
    <subfield code="c">John Dawson, Jung-Hee Lee, editors.</subfield>
  </datafield>
  <datafield tag="260" ind1=" " ind2=" ">
    <subfield code="a">Binghamton, NY :</subfield>
    <subfield code="b">International Business Press, 2004</subfield>
    <subfield code="c">c2004.</subfield>
  </datafield>
  <datafield tag="300" ind1=" " ind2=" ">
    <subfield code="a">207 p. :</subfield>
    <subfield code="b">ill. ;</subfield>
    <subfield code="c">23 cm.</subfield>
  </datafield>
  <datafield tag="500" ind1=" " ind2=" ">
    <subfield code="a">"International retailing plans and strategies in Asia has been co-published simultaneously as Journal of global marketing, Volume 18, numbers 1/2 2004."</subfield>
  </datafield>
  <datafield tag="504" ind1=" " ind2=" ">
    <subfield code="a">Includes bibliographical references and index.</subfield>
  </datafield>
  <datafield tag="505" ind1="0" ind2=" ">
    <subfield code="a">International retailing in Asia / John Dawson, Jung-Hee Lee -- Fairness and relationship quality perceived by local suppliers : in search of critical success factors for international retailers / Seongmu Suh -- Some reasons why foreign retailers have difficulties in succeeding in the Japanese market / Yoshinobu Sato -- The paradox of competition in the world of volatility : an analysis of the drivers in the middle market of international fashion retailing / Nobukazu J. Azuma -- New cultures, new strategies, new formats and new relationships in European retailing : some implications for Asia / John Dawson -- Expansion of Japanese retailers overseas / Roy Larke -- The effects of liberalization in retail markets on economy and retail industry in Korea / Jung-Hee Lee, Sang-Chul Choi -- The strategic importance of retail investment in Asia and its implications for the Metro Group in Asia / Verena Schmekel -- How does the global retailer localize its format? : the case of Toys"R" Us and Carrefour in Japan / Jungyim Baek -- The linkage of trades in terms of wholesale business formats in Japanese distribution systems / Junji Nishimura -- The characteristics of the new retail competition in Asia and the research agenda / Masao Mukoyama.</subfield>
  </datafield>
  <datafield tag="650" ind1=" " ind2="0">
    <subfield code="a">Retail trade</subfield>
    <subfield code="z">Asia.</subfield>
    <subfield code="9">23245</subfield>
  </datafield>
  <datafield tag="650" ind1=" " ind2="0">
    <subfield code="a">Strategic planning</subfield>
    <subfield code="z">Asia.</subfield>
    <subfield code="9">23246</subfield>
  </datafield>
  <datafield tag="650" ind1=" " ind2="0">
    <subfield code="a">Corporate culture</subfield>
    <subfield code="z">Asia.</subfield>
    <subfield code="9">23247</subfield>
  </datafield>
  <datafield tag="651" ind1=" " ind2="0">
    <subfield code="a">Asia</subfield>
    <subfield code="x">Commerce.</subfield>
    <subfield code="9">23248</subfield>
  </datafield>
  <datafield tag="653" ind1=" " ind2=" ">
    <subfield code="b">Bus</subfield>
    <subfield code="c">April2011</subfield>
  </datafield>
  <datafield tag="700" ind1="1" ind2=" ">
    <subfield code="a">Dawson, John A.</subfield>
    <subfield code="9">23249</subfield>
  </datafield>
  <datafield tag="700" ind1="1" ind2=" ">
    <subfield code="a">Lee, Jung-Hee,</subfield>
    <subfield code="d">1961-</subfield>
    <subfield code="9">23250</subfield>
  </datafield>
  <datafield tag="730" ind1="0" ind2=" ">
    <subfield code="a">Journal of global marketing.</subfield>
    <subfield code="9">23251</subfield>
  </datafield>
  <datafield tag="856" ind1="4" ind2="1">
    <subfield code="3">Table of contents</subfield>
    <subfield code="u">http://www.loc.gov/catdir/toc/ecip053/2004026733.html</subfield>
  </datafield>
  <datafield tag="942" ind1=" " ind2=" ">
    <subfield code="2">ddc</subfield>
    <subfield code="c">BB</subfield>
  </datafield>
  <datafield tag="999" ind1=" " ind2=" ">
    <subfield code="c">15161</subfield>
    <subfield code="d">15161</subfield>
  </datafield>
  <datafield tag="952" ind1=" " ind2=" ">
    <subfield code="0">0</subfield>
    <subfield code="1">0</subfield>
    <subfield code="2">ddc</subfield>
    <subfield code="4">0</subfield>
    <subfield code="7">0</subfield>
    <subfield code="8">Baccah</subfield>
    <subfield code="a">MAIN</subfield>
    <subfield code="b">MAIN</subfield>
    <subfield code="c">1ST</subfield>
    <subfield code="d">2011-04-20</subfield>
    <subfield code="e">purchase</subfield>
    <subfield code="g">450.00</subfield>
    <subfield code="l">3</subfield>
    <subfield code="o">658.870095 INT</subfield>
    <subfield code="p">000023350</subfield>
    <subfield code="r">2025-07-15 00:00:00</subfield>
    <subfield code="s">2014-11-13</subfield>
    <subfield code="y">BB</subfield>
  </datafield>
</record>
